000 00539cam a2200157 4500500
005 20260329020442.0
041 _afre
042 _adc
100 1 0 _aBaudrant, Annie
_eauthor
700 1 0 _aFrigerio, Jean-Marc
_eauthor
700 1 0 _aMonnereau, Cyrille
_eauthor
700 1 0 _aThorel, Alain
_eauthor
245 0 0 _aNanomatériaux : propriétés
260 _bTechniques de l'ingénieur,
_c2025.
856 4 1 _uhttps://stm.cairn.info/techniques-de-l-ingenieur-nanomateriaux-proprietes--42635210?lang=fr&redirect-ssocas=7080
999 _c1906074
_d1906074